مكتبة جامعة عجلون الوطنية

فهرس بحث المكتبة

Normal view MARC view
  • تحقيق وتقديم: عبد الفتاح، سعيد

Entry Personal Name

Number of records used in: 1

001 - CONTROL NUMBER

  • control field: 16706

003 - CONTROL NUMBER IDENTIFIER

  • control field: JO-AjAnu

005 - DATE AND TIME OF LATEST TRANSACTION

  • control field: 20230606072949.0

008 - FIXED-LENGTH DATA ELEMENTS

  • fixed length control field: 230606|| aca||aabn | a|a d

040 ## - CATALOGING SOURCE

  • Original cataloging agency: JO-AjAnu
  • Transcribing agency: JO-AjAnu

100 ## - HEADING--PERSONAL NAME

  • Personal name: تحقيق وتقديم: عبد الفتاح، سعيد

670 ## - SOURCE DATA FOUND

  • Source citation: Work cat.: (JO-AjAnu)8578: تحقيق وتقديم: عبد الفتاح، سعيد, author, رسائل ابن عربي القطب والنقباء وعقلة المستوفز ورسالة الأنوار والتدبيرات الإلهية ورسائل أخرى، مج2